The journals of Abraham Maslow /

Bibliographic Details
Main Author: Maslow, Abraham H. (Abraham Harold)
Corporate Author: International Study Project
Other Authors: Lowry, Richard, 1940-, Maslow, Bertha G., Freedman, Jonathan L.
Format: Book
Language:English
Published: Lexington, Mass. : Lewis Pub. Co., [1982]
Subjects:

MARC

Tag First Indicator Second Indicator Subfields
LEADER 00000pam a2200000 a 4500
001 in00000096127
005 20150923174006.0
008 820315s1982 mauc 00110aeng
010 |a  82015232  
020 |a 0866160167 (pbk.) :  |c $12.95 
020 |a 0866160159 (hard) 
035 |a (OCoLC)08346475 
035 |9 AAK8521AM 
039 0 |a 2  |b 3  |c 3  |d 3  |e 3 
040 |a DLC  |c DLC  |d TXA  |d UtOrBLW 
043 |a n-us--- 
049 |a TXAM  |c [952277] 
050 0 0 |a BF109 M33  |b  A342 1982 
082 0 |a 150/.92/4  |a B  |2 19 
100 1 |a Maslow, Abraham H.  |q (Abraham Harold) 
245 1 4 |a The journals of Abraham Maslow /  |c edited by Richard J. Lowry for the International Study Project, Inc. ; in cooperation with Bertha G. Maslow ; abridged by Jonathan Freedman. 
264 1 |a Lexington, Mass. :  |b Lewis Pub. Co.,  |c [1982] 
264 4 |c ©1982 
300 |a xi, 365 pages :  |b portrait ;  |c 24 cm. 
336 |a text  |b txt  |2 rdacontent 
337 |a unmediated  |b n  |2 rdamedia 
338 |a volume  |b nc  |2 rdacarrier 
500 |a Abridgement of: The journals of A.H. Maslow. c1979. 
500 |a Includes index. 
600 1 0 |a Maslow, Abraham H.  |q (Abraham Harold) 
650 0 |a Psychologists  |z United States  |v Biography. 
700 1 |a Lowry, Richard,  |d 1940- 
700 1 |a Maslow, Bertha G. 
700 1 |a Freedman, Jonathan L. 
710 2 |a International Study Project. 
999 |a MARS 
999 f f |s 3ad16b54-4146-328c-8a09-ef78714213a6  |i 0fbe1223-57c7-38a8-84fd-0c974ccd064b  |t 0 
952 f f |p ric  |a Texas A&M University  |b Rellis Campus  |c Joint Library Facility  |d Remote Storage  |t 0  |e BF109 M33 A342 1982  |h Library of Congress classification  |i unmediated -- volume  |m A14806038749 
998 f f |a BF109 M33 A342 1982  |t 0  |l Remote Storage